New accident investigation guidance (Record no. 117687)

MARC details
000 -LEADER
fixed length control field 00962cam a2200217 4500
001 - CONTROL NUMBER
control field WB@3612-343
008 - FIXED-LENGTH DATA ELEMENTS--GENERAL INFORMATION
fixed length control field 040714n2004 000 0 eng u
035 ## - SYSTEM CONTROL NUMBER
System control number (Sirsi) u126765
245 ## - TITLE STATEMENT
Title New accident investigation guidance
260 ## - PUBLICATION, DISTRIBUTION, ETC.
Date of publication, distribution, etc. 2004
490 ## - SERIES STATEMENT
Series statement HSE News Release
Volume/sequential designation E094:04 8 July 2004 (1)
520 ## - SUMMARY, ETC.
Summary, etc. The HSE has published new guidance on how to investigate accidents and incidents, including near misses. "Investigating accidents and incidents - a workbook for employers, unions, safety representatives and safety professionals" (£9.50 ISBN 0717628272)* was prepared in consultation with industry, unions and health and safety professional bodies and is aimed primarily at SMEs. http://www.hse.gov.uk/press/2004/e04094.htm
590 ## - LOCAL NOTE (RLIN)
Local note WB
590 ## - LOCAL NOTE (RLIN)
Local note WB
650 ## - SUBJECT ADDED ENTRY--TOPICAL TERM
Topical term or geographic name entry element ACCIDENT INVESTIGATIONS
650 ## - SUBJECT ADDED ENTRY--TOPICAL TERM
Topical term or geographic name entry element HEALTH AND SAFETY AT WORK
650 ## - SUBJECT ADDED ENTRY--TOPICAL TERM
Topical term or geographic name entry element SMES
650 ## - SUBJECT ADDED ENTRY--TOPICAL TERM
Topical term or geographic name entry element GUIDANCE
690 ## - LOCAL SUBJECT ADDED ENTRY--TOPICAL TERM (OCLC, RLIN)
Topical term or geographic name as entry element HEALTH AND SAFETY
9 (RLIN) 6244
942 ## - ADDED ENTRY ELEMENTS (KOHA)
Suppress in OPAC 0
Holdings
Withdrawn status Lost status Source of classification or shelving scheme Damaged status Not for loan Home library Current library Shelving location Date acquired Total Checkouts Full call number Barcode Date last seen Copy number Price effective from Koha item type
    Dewey Decimal Classification     London London News article 14/07/2004   WB4027-06 126765-1001 06/08/2019 1 06/08/2019 News article